000 00744nam a22002297a 4500
005 20250319165831.0
008 250319b |||||||| |||| 00| 0 eng d
020 _a978-0-19-538496-3 (pbk)
037 _cTB
040 _aCRL
_cCRL
041 _2eng
_aeng
084 _aR6947x1,1 P9
_qCRL
100 _aWesterhoff, Jan
_9448546
245 _aNagarjuna's madhyamaka:
_bA philosophical introduction
260 _aNew York, USA:
_bOxford University Press,
_c2009
300 _axiii,242p.
365 _b4100.00
_cINR
650 _aNagarjuna
650 _aPhilosophy
942 _2CC
_cTB
_hR6947x1,1 P9
_n0
999 _c1269181
_d1269181